|
|
|
|
| LEADER |
00000nas a2200000 a 4500 |
| 001 |
ssj0000328040 |
| 003 |
WaSeSS |
| 005 |
20200512172242.0 |
| 006 |
m d |
| 007 |
cr n |
| 008 |
090805c200u9999ncufr p s 1 a0eng |
| 010 |
|
|
|a 2009202857
|
| 022 |
|
|
|a 2150-5160
|l 2150-5160
|
| 035 |
|
|
|a (WaSeSS)ssj0000328040
|
| 037 |
|
|
|b Allied Academies, PO Box 679, Candler, NC 28715
|
| 040 |
|
|
|a DLC
|b eng
|c DLC
|d DLC
|d OCLCQ
|d AD#
|d OCLCQ
|d OCLCO
|d OCLCF
|d OCLCO
|d OCLCQ
|d HUL
|d WaSeSS
|
| 042 |
|
|
|a pcc
|a nsdp
|
| 050 |
0 |
0 |
|a HF5387
|
| 082 |
1 |
0 |
|a 174.4
|2 14
|
| 110 |
2 |
|
|a Allied Academies International Conference.
|
| 222 |
|
0 |
|a Academy for Legal, Ethical and Regulatory Issues proceedings
|
| 245 |
1 |
0 |
|a Academy for Legal, Ethical and Regulatory Issues proceedings
|h [electronic resource].
|
| 246 |
1 |
3 |
|a Proceedings of the Academy for Legal, Ethical and Regulatory Issues
|
| 246 |
1 |
3 |
|a Allied Academies International Conference. Academy of Legal, Ethical and Regulatory Issues. Proceedings
|
| 260 |
|
|
|a Cullowhee, NC :
|b Allied Academies
|
| 310 |
|
|
|a Semiannual
|
| 506 |
|
|
|a License restrictions may limit access.
|
| 588 |
|
|
|a Description based on: Vol. 13, no. 1 (2009); title from PDF page 1 (AlliedAcademies website, viewed July 23, 2009).
|
| 650 |
|
0 |
|a Business ethics
|v Congresses.
|
| 650 |
|
7 |
|a Business ethics.
|2 fast
|0 (OCoLC)fst00842675
|
| 655 |
|
0 |
|a Electronic journals.
|
| 710 |
2 |
|
|a Allied Academies.
|
| 710 |
2 |
|
|a Academy for Legal, Ethical and Regulatory Issues.
|
| 780 |
0 |
0 |
|a Allied Academies International Conference.
|t Academy for Studies in Business Law proceedings
|
| 850 |
|
|
|a DLC
|
| 856 |
4 |
0 |
|z Full text available from Research Library: 07/01/2002 to 01/31/2017
|u https://search.proquest.com/publication/38767
|